| 000 -LEADER |
| fixed length control field |
01814cam a2200337 a 4500 |
| 001 - CONTROL NUMBER |
| control field |
15969522 |
| 003 - CONTROL NUMBER IDENTIFIER |
| control field |
Nust |
| 005 - DATE AND TIME OF LATEST TRANSACTION |
| control field |
20170420170831.0 |
| 008 - FIXED-LENGTH DATA ELEMENTS--GENERAL INFORMATION |
| fixed length control field |
091102r20102009mauab b 001 0 eng |
| 010 ## - LIBRARY OF CONGRESS CONTROL NUMBER |
| LC control number |
2009044012 |
| 020 ## - INTERNATIONAL STANDARD BOOK NUMBER |
| International Standard Book Number |
9780674051348 (cloth : alk. paper) : |
| Terms of availability |
$27.95 |
| 020 ## - INTERNATIONAL STANDARD BOOK NUMBER |
| International Standard Book Number |
0674051343 (cloth : alk. paper) |
| 035 ## - SYSTEM CONTROL NUMBER |
| System control number |
(OCoLC)ocn456169946 |
| 040 ## - CATALOGING SOURCE |
| Original cataloging agency |
DLC |
| Transcribing agency |
DLC |
| Modifying agency |
BTCTA |
| -- |
YDXCP |
| -- |
C#P |
| -- |
BWX |
| -- |
CDX |
| -- |
ABG |
| -- |
DLC |
| 043 ## - GEOGRAPHIC AREA CODE |
| Geographic area code |
a------ |
| 050 00 - LIBRARY OF CONGRESS CALL NUMBER |
| Classification number |
HV5840.A74 |
| Item number |
C46 2010 |
| 082 00 - DEWEY DECIMAL CLASSIFICATION NUMBER |
| Classification number |
363.45095 |
| Edition number |
22 |
| Author Mark |
CHO |
| 100 1# - MAIN ENTRY--PERSONAL NAME |
| Personal name |
Chouvy, Pierre-Arnaud. |
| 245 10 - TITLE STATEMENT |
| Title |
Opium : |
| Remainder of title |
uncovering the politics of the poppy / |
| Statement of responsibility, etc. |
Pierre-Arnaud Chouvy. |
| 250 ## - EDITION STATEMENT |
| Edition statement |
1st Harvard University Press ed. |
| 260 ## - PUBLICATION, DISTRIBUTION, ETC. |
| Place of publication, distribution, etc. |
Cambridge, Mass. : |
| Name of publisher, distributor, etc. |
Harvard University Press, |
| Date of publication, distribution, etc. |
2010. |
| 300 ## - PHYSICAL DESCRIPTION |
| Extent |
xv, 256 p. : |
| Other physical details |
ill., maps ; |
| Dimensions |
24 cm. |
| 500 ## - GENERAL NOTE |
| General note |
Originally published: London : I.B. Tauris, 2009. |
| 504 ## - BIBLIOGRAPHY, ETC. NOTE |
| Bibliography, etc. note |
Includes bibliographical references (p. [219]-243) and index. |
| 505 0# - FORMATTED CONTENTS NOTE |
| Formatted contents note |
Opium : a drug in motion through time and space -- Opium and heroin in Asia : early history and geopolitics -- Opium and heroin in Asia : the Golden Triangle and the Golden Crescent -- All-time highs and lows -- In and out of the Golden Triangle and the Golden Crescent -- War, drugs, and the war on drugs -- Opium poppy cultivation -- Successes and failures -- Drug trafficking routes (maps). |
| 650 #0 - SUBJECT ADDED ENTRY--TOPICAL TERM |
| Topical term or geographic name entry element |
Opium trade |
| General subdivision |
Political aspects |
| Geographic subdivision |
Asia. |
| 650 #0 - SUBJECT ADDED ENTRY--TOPICAL TERM |
| Topical term or geographic name entry element |
Opium trade |
| General subdivision |
Prevention. |
| 650 #0 - SUBJECT ADDED ENTRY--TOPICAL TERM |
| Topical term or geographic name entry element |
Opium trade |
| Geographic subdivision |
Asia |
| General subdivision |
History. |
| 650 #0 - SUBJECT ADDED ENTRY--TOPICAL TERM |
| Topical term or geographic name entry element |
Drug control |
| Geographic subdivision |
Asia. |
| 906 ## - LOCAL DATA ELEMENT F, LDF (RLIN) |
| a |
7 |
| b |
cbc |
| c |
orignew |
| d |
1 |
| e |
ecip |
| f |
20 |
| g |
y-gencatlg |
| 942 ## - ADDED ENTRY ELEMENTS (KOHA) |
| Source of classification or shelving scheme |
|
| Koha item type |
Book |